| 000 | 00955nam a2200145Ia 4500 | ||
|---|---|---|---|
| 008 | 210327s9999||||xx |||||||||||||| ||und|| | ||
| 040 | _cSTCPL | ||
| 041 | _hMAL | ||
| 082 |
_a894.812 3 _bSET-S |
||
| 245 | 0 |
_aSondam thresiamma _hസ്വന്തം ത്രേസ്യാമ്മ |
|
| 260 |
_aKottayam _bDeepika Publications _c1975 |
||
| 300 | _a334 | ||
| 650 | _aGeneralപ്രകൃതിയുടെ സന്തുലിതാവസ്ഥ, ഇക്കോസിസ്റ്റ നശീകരണം, പ്രകൃതി സമ്പത്തുകളുടെ സംരക്ഷണം, ഭൂവിനിയോഗവും മണ്ണ് സംരക്ഷണവും, കൃഷിതന്ത്രവും വിളസംരക്ഷണവും, വനസംരക്ഷണം, പക്ഷി സംരക്ഷണം, സംരക്ഷണനിയമം, സംരക്ഷണപ്രസ്ഥാനങ്ങള് | ||
| 942 | _cBK | ||
| 999 |
_c25308 _d25308 |
||